[Event "XXIII Festival A"]
[Site "Porto San Giorgio ITA"]
[Date "2011.08.21"]
[Round "1"]
[White "Fagnani, Alessandro"]
[Black "Saptarshi, Roy"]
[Result "0-1"]
[WhiteElo "1955"]
[BlackElo "2385"]
[PlyCount "110"]
[EventDate "2011.08.21"]

1. e4 c5 2. Nf3 a6 3. d4 cxd4 4. Nxd4 Nf6 5. Nc3 e5 6. Nb3 Bb4 7. Bd2 O-O 8.
Bd3 Nc6 9. Nd5 Bxd2+ 10. Qxd2 d6 11. Nxf6+ Qxf6 12. Bc4 Ne7 13. O-O-O b5 14.
Bd5 Nxd5 15. Qxd5 Be6 16. Qxd6 Rac8 17. Qd2 Rc4 18. Qe3 Qg6 19. Nc5 b4 20. g3
Bg4 21. f3 Bxf3 22. Qxf3 Rxc5 23. Rd5 Rxd5 24. exd5 Qd6 25. h4 f5 26. Rd1 g6
27. a3 a5 28. a4 Re8 29. Qd3 e4 30. Qb5 Ra8 31. Qc6 Qxc6 32. dxc6 Rc8 33. Rd5
Rxc6 34. Rxa5 Kf7 35. Ra7+ Kf6 36. Ra8 b3 37. c3 Rd6 38. a5 Kg7 39. Re8 Kh6 40.
Rb8 Kh5 41. c4 e3 42. Re8 Rd4 43. Rxe3 Rxc4+ 44. Rc3 Ra4 45. Rxb3 Rxa5 46. Rc3
f4 47. b4 Rb5 48. gxf4 Rxb4 49. Rc5+ Kxh4 50. f5 g5 51. Rc7 h5 52. f6 Rf4 53.
f7 Rf6 54. Kd2 g4 55. Ke3 Kg5 0-1

[Event "XXIII Festival A"]
[Site "Porto San Giorgio ITA"]
[Date "2011.08.21"]
[Round "1"]
[White "Fierro Baquero, Martha Lorena"]
[Black "Di Mantino, Mauro"]
[Result "1-0"]
[WhiteElo "2381"]
[BlackElo "1954"]
[PlyCount "33"]
[EventDate "2011.08.21"]

1. e4 b6 2. d4 Bb7 3. Bd3 e6 4. Nf3 Nf6 5. Qe2 c5 6. d5 Qc7 7. d6 Qc8 8. e5 Nd5
9. a3 b5 10. Bxb5 Nc6 11. Bd3 f6 12. c4 Nb6 13. Nc3 Rb8 14. Be3 Na5 15. exf6
Bxd6 16. Nb5 Bf8 17. fxg7 1-0

[Event "XXIII Festival A"]
[Site "Porto San Giorgio ITA"]
[Date "2011.08.21"]
[Round "1"]
[White "Franzini, Stefano"]
[Black "Mastroddi, Emiliano"]
[Result "1/2-1/2"]
[WhiteElo "1848"]
[BlackElo "2083"]
[PlyCount "88"]
[EventDate "2011.08.21"]

1. d4 Nf6 2. Nf3 g6 3. Bf4 d6 4. e3 Bg7 5. Be2 O-O 6. h3 c6 7. O-O Qb6 8. Qc1
Ne4 9. c3 Nd7 10. Bh2 Re8 11. Nbd2 Nxd2 12. Qxd2 Nf6 13. Bd3 d5 14. b4 Nd7 15.
a4 e5 16. Be2 e4 17. Ne1 Nf8 18. Nc2 Qd8 19. a5 Qg5 20. Bf4 Qe7 21. c4 g5 22.
Bh2 Ng6 23. c5 a6 24. Ra3 f5 25. f3 exf3 26. Bxf3 Be6 27. Bh5 Qd7 28. Qd3 Rf8
29. Bd6 Rf6 30. Ne1 Bf8 31. Bh2 Nh4 32. Bd6 Rh6 33. Bd1 Ng6 34. Bg3 g4 35. hxg4
fxg4 36. e4 dxe4 37. Qxe4 Re8 38. Re3 Bf7 39. Qd3 Rxe3 40. Qxe3 Bg7 41. Nc2 Rh5
42. Qe4 Be6 43. Re1 Nf8 44. Bd6 Bf5 1/2-1/2

[Event "XXIII Festival A"]
[Site "Porto San Giorgio ITA"]
[Date "2011.08.21"]
[Round "1"]
[White "Giampieri, Stefano"]
[Black "Faccia, Sergio"]
[Result "1-0"]
[WhiteElo "1847"]
[BlackElo "2078"]
[PlyCount "80"]
[EventDate "2011.08.21"]

1. d4 c5 2. d5 Nf6 3. c4 b5 4. e3 bxc4 5. Bxc4 g6 6. Nf3 d6 7. Nc3 Bg7 8. e4
Nbd7 9. O-O O-O 10. Bg5 Rb8 11. Rb1 Rb4 12. Bd3 h6 13. Bd2 Rb8 14. Qc1 Kh7 15.
h3 Nb6 16. g4 Nfd7 17. Kg2 c4 18. Bc2 Nc5 19. Nh2 Bb7 20. Qe1 e6 21. dxe6 fxe6
22. Kg3 d5 23. e5 d4 24. Ne4 Qd5 25. f3 Bxe5+ 26. f4 d3 27. Nxc5 dxc2 28. Rc1
Bxb2 29. Rxc2 Qg2+ 30. Kh4 g5+ 31. fxg5 hxg5+ 32. Kxg5 Qd5+ 33. Kh4 Bf6+ 34. g5
Be7 35. Qxe6 Qxe6 36. Nxe6 Rxf1 37. Nxf1 Bd5 38. Nf4 Be4 39. Rc1 Rd8 40. Re1
Rd4 1-0

[Event "XXIII Festival A"]
[Site "Porto San Giorgio ITA"]
[Date "2011.08.21"]
[Round "1"]
[White "Giancotti, Eraldo"]
[Black "Maltempi, Angelo"]
[Result "1-0"]
[WhiteElo "2070"]
[BlackElo "1847"]
[PlyCount "117"]
[EventDate "2011.08.21"]

1. c4 d6 2. g3 g6 3. Bg2 Bg7 4. Nc3 c5 5. Nf3 Nc6 6. O-O e5 7. a3 Nge7 8. Rb1
a5 9. d3 O-O 10. Bg5 f6 11. Be3 f5 12. Ne1 f4 13. Bd2 g5 14. Nc2 g4 15. b4 axb4
16. axb4 cxb4 17. Nxb4 Nd4 18. e3 Nf3+ 19. Bxf3 gxf3 20. Qxf3 fxe3 21. Qxe3 Bh3
22. Rfc1 Nf5 23. Qg5 Qe8 24. Ne4 h6 25. Nxd6 hxg5 26. Nxe8 Raxe8 27. Bc3 Nd4
28. Bxd4 exd4 29. Rc2 Bd7 30. Kg2 g4 31. Rbb2 Rf5 32. Kf1 Ra5 33. Re2 Ra1+ 34.
Kg2 Rxe2 35. Rxe2 Bf8 36. Nd5 Bc6 37. Re4 Bxd5 38. cxd5 Bc5 39. Rxg4+ Kf7 40.
Rf4+ Ke7 41. h4 b5 42. h5 b4 43. h6 b3 44. h7 Ra8 45. Re4+ Kd6 46. Rh4 Rh8 47.
g4 b2 48. g5 b1=Q 49. g6 Qxd3 50. Rh6 Qe4+ 51. f3 Qe7 52. g7+ Kd7 53. gxh8=Q
Qe2+ 54. Kg3 Qe1+ 55. Kg4 Qg1+ 56. Kf5 Qb1+ 57. Kf6 Be7+ 58. Kg7 d3 59. Kf7 1-0

[Event "XXIII Festival A"]
[Site "Porto San Giorgio ITA"]
[Date "2011.08.21"]
[Round "1"]
[White "Gilevych, Artem"]
[Black "Cocuzzi, Edoardo"]
[Result "1-0"]
[WhiteElo "2264"]
[BlackElo "1926"]
[PlyCount "51"]
[EventDate "2011.08.21"]

1. Nf3 d5 2. d4 Nf6 3. c4 e6 4. Nc3 c6 5. e3 Nbd7 6. Bd3 Bd6 7. O-O O-O 8. e4
dxe4 9. Nxe4 Nxe4 10. Bxe4 Nf6 11. Bc2 c5 12. Bg5 h6 13. Bh4 cxd4 14. Qxd4 Be7
15. Qc3 Nh5 16. Rad1 Qc7 17. Qd3 g6 18. Bxe7 Qxe7 19. Qe3 Kh7 20. Ne5 a5 21.
Rd2 Ra6 22. Rfd1 Qg5 23. Qxg5 hxg5 24. Rd8 Rxd8 25. Rxd8 Ra8 26. Nxf7 1-0

[Event "XXIII Festival A"]
[Site "Porto San Giorgio ITA"]
[Date "2011.08.21"]
[Round "1"]
[White "Giobbi, Costantino"]
[Black "Barlocco, Carlo"]
[Result "0-1"]
[WhiteElo "1878"]
[BlackElo "2135"]
[PlyCount "64"]
[EventDate "2011.08.21"]

1. d4 d5 2. Nf3 Nf6 3. c4 c6 4. Nc3 dxc4 5. a4 Bf5 6. Ne5 Nbd7 7. Nxc4 Nb6 8.
e3 e6 9. Ne5 Bb4 10. Bd2 O-O 11. Be2 Qe7 12. O-O Rfd8 13. Qb3 c5 14. a5 Nbd7
15. Nc4 cxd4 16. exd4 Nb8 17. Rfd1 Nc6 18. Be3 Rac8 19. h3 Nd5 20. Nxd5 exd5
21. Na3 Bxa5 22. Nb5 Bb6 23. Nc3 Na5 24. Qa2 Qd6 25. Bd3 Bxd3 26. Rxd3 Nc6 27.
Qb3 Na5 28. Qd1 Nc4 29. Qg4 Nxb2 30. Bf4 Qg6 31. Re3 Qxg4 32. hxg4 Bxd4 0-1

[Event "XXIII Festival A"]
[Site "Porto San Giorgio ITA"]
[Date "2011.08.21"]
[Round "1"]
[White "Lapenna, Antonio"]
[Black "Bondielli, Giorgio"]
[Result "1-0"]
[WhiteElo "2150"]
[BlackElo "1885"]
[PlyCount "63"]
[EventDate "2011.08.21"]

1. d4 f5 2. Nf3 Nf6 3. g3 g6 4. Bg2 Bg7 5. O-O O-O 6. b3 d6 7. Bb2 c6 8. Nbd2
Na6 9. c4 Qe8 10. a3 h6 11. Qc2 g5 12. Rfe1 Nh5 13. e4 f4 14. d5 fxg3 15. fxg3
Qg6 16. dxc6 bxc6 17. Nd4 Bd7 18. b4 Rac8 19. Rf1 Nc7 20. Nf5 Bxf5 21. exf5 Qe8
22. Rae1 Nf6 23. Nf3 Qd7 24. Nd4 d5 25. Qe2 Rce8 26. Ne6 Nxe6 27. Qxe6+ Qxe6
28. Rxe6 dxc4 29. Rxc6 Rc8 30. Rc1 Rxc6 31. Bxc6 Rd8 32. Bb5 1-0

[Event "XXIII Festival A"]
[Site "Porto San Giorgio ITA"]
[Date "2011.08.21"]
[Round "1"]
[White "Lapenna, Michelangelo"]
[Black "Borgiani, Flavio"]
[Result "0-1"]
[WhiteElo "1888"]
[BlackElo "2156"]
[PlyCount "92"]
[EventDate "2011.08.21"]

1. c4 e6 2. Nf3 c5 3. g3 b6 4. Bg2 Bb7 5. d3 Nf6 6. O-O Be7 7. Nc3 O-O 8. Bf4
d6 9. a3 Nc6 10. h3 Qd7 11. Rb1 Rac8 12. b4 Nd4 13. Nxd4 cxd4 14. Bxb7 Qxb7 15.
Na4 b5 16. Nb2 bxc4 17. dxc4 Ne4 18. Qd3 Nc3 19. Rbe1 e5 20. Bc1 f5 21. f4 Ne4
22. fxe5 dxe5 23. c5 Rcd8 24. Nc4 Qd5 25. Nd2 Nxd2 26. Bxd2 e4 27. Qa6 Rd7 28.
c6 Rc7 29. b5 Bd6 30. Bf4 g5 31. Bxd6 Qxd6 32. Kh2 f4 33. gxf4 gxf4 34. Rg1+
Kh8 35. Kh1 f3 36. Rg4 f2 37. Rf1 d3 38. exd3 Qxd3 39. Kg2 e3 40. Qa4 Qxf1+ 41.
Kg3 Rf3+ 42. Kxf3 Qxh3+ 43. Kf4 f1=Q+ 44. Ke5 Re7+ 45. Kd5 Qh5+ 46. Kd6 Qe5#
0-1

[Event "XXIII Festival A"]
[Site "Porto San Giorgio ITA"]
[Date "2011.08.21"]
[Round "1"]
[White "Madiai, Federico"]
[Black "Piccinini, Samuele"]
[Result "1-0"]
[WhiteElo "2195"]
[BlackElo "1903"]
[PlyCount "57"]
[EventDate "2011.08.21"]

1. d4 d5 2. c4 e6 3. Nf3 Nf6 4. Nc3 Nbd7 5. Bf4 c6 6. e3 Be7 7. Qc2 O-O 8. h3
a6 9. c5 b6 10. b4 a5 11. b5 Bb7 12. Na4 bxc5 13. dxc5 Ne4 14. Ne5 Bf6 15. bxc6
Nxe5 16. cxb7 Ra7 17. Rb1 Qc7 18. c6 Bh4 19. g3 Nf3+ 20. Ke2 e5 21. Kxf3 exf4
22. exf4 Bf6 23. Bd3 Re8 24. Bxe4 dxe4+ 25. Kg2 Ra6 26. b8=Q Rxb8 27. Rxb8+
Qxb8 28. c7 Qc8 29. Rb1 1-0

[Event "XXIII Festival A"]
[Site "Porto San Giorgio ITA"]
[Date "2011.08.21"]
[Round "1"]
[White "Mandolini, Riccardo"]
[Black "Cipollaro, Giovanni"]
[Result "1-0"]
[WhiteElo "2119"]
[BlackElo "1866"]
[PlyCount "35"]
[EventDate "2011.08.21"]

1. Nc3 d5 2. e4 dxe4 3. Nxe4 Bf5 4. Ng3 Bg6 5. f4 e6 6. Nf3 Nd7 7. d4 Ngf6 8.
Bd3 Bxd3 9. Qxd3 Be7 10. f5 exf5 11. Nxf5 O-O 12. O-O Re8 13. Qb3 Nb6 14. Ne5
Qd5 15. c4 Qa5 16. Qg3 g6 17. Nxe7+ Rxe7 18. Rxf6 1-0

[Event "XXIII Festival A"]
[Site "Porto San Giorgio ITA"]
[Date "2011.08.21"]
[Round "1"]
[White "Mantovani, Enrico"]
[Black "Di Lascio, Savino"]
[Result "0-1"]
[WhiteElo "1758"]
[BlackElo "1982"]
[PlyCount "98"]
[EventDate "2011.08.21"]

1. Nf3 Nf6 2. b3 b5 3. e3 a6 4. Bb2 Bb7 5. Be2 d6 6. d4 Nbd7 7. Nbd2 g6 8. O-O
Bg7 9. c4 b4 10. Qc2 c5 11. d5 O-O 12. e4 Qc7 13. Nh4 e5 14. g3 Rfe8 15. Ng2
Nf8 16. Bd3 Bc8 17. Rfe1 h6 18. f4 Bh3 19. fxe5 dxe5 20. Nf3 N8h7 21. Qe2 a5
22. Bc2 Ra6 23. a3 Ng4 24. a4 h5 25. Ngh4 Bh6 26. Qd3 Rf6 27. Bc1 Bxc1 28.
Raxc1 Qe7 29. Rcd1 Rd6 30. Rd2 Kg7 31. Kh1 Nh6 32. Qe3 Rf6 33. Red1 Qd6 34. Qd3
g5 35. Ng2 Rg6 36. Re1 Bg4 37. Bd1 f5 38. Bc2 Nf6 39. Qf1 f4 40. gxf4 gxf4 41.
Ngh4 Bxf3+ 42. Qxf3 Rg4 43. Rg2 Kf7 44. Reg1 Reg8 45. h3 Rxh4 46. Rxg8 Nfxg8
47. Rg5 Qf6 48. Qf2 f3 49. Qg3 f2 0-1

[Event "XXIII Festival A"]
[Site "Porto San Giorgio ITA"]
[Date "2011.08.21"]
[Round "1"]
[White "Marcugini, Stefano"]
[Black "Villani, Cristian"]
[Result "0-1"]
[WhiteElo "1824"]
[BlackElo "2056"]
[PlyCount "128"]
[EventDate "2011.08.21"]

1. e4 e6 2. d4 d5 3. exd5 exd5 4. Bd3 Bd6 5. Nf3 Bg4 6. h3 Bh5 7. O-O Ne7 8.
Bg5 Nbc6 9. c3 Qd7 10. Nbd2 f6 11. Be3 O-O-O 12. c4 dxc4 13. Nxc4 Nd5 14. Bd2
Bf4 15. a3 Nxd4 16. Nxd4 Bxd1 17. Bf5 Qxf5 18. Nxf5 Be2 19. Rfc1 Bxd2 20. Nxd2
g6 21. Ng3 Nf4 22. Nde4 f5 23. Ng5 Rd7 24. Re1 Bc4 25. Nf1 Nd3 26. Red1 Nxb2
27. Rxd7 Kxd7 28. Rb1 Na4 29. Rxb7 a6 30. Rb4 Nb6 31. Ne3 Ba2 32. Kf1 Ke7 33.
Rb2 Bc4+ 34. Ke1 Bb5 35. Nc2 Kf6 36. h4 Re8+ 37. Kd1 h6 38. Nf3 Be2+ 39. Kc1
Bxf3 40. gxf3 Re7 41. Nb4 Re1+ 42. Kc2 Rh1 43. Nxa6 Rxh4 44. Nxc7 Rc4+ 45. Kd3
Rxc7 46. Rxb6+ Kg5 47. f4+ Kxf4 48. Rxg6 h5 49. Rh6 Kg5 50. Rh8 Ra7 51. Kd4
Rxa3 52. Ke5 Ra5+ 53. Ke6 f4 54. Rg8+ Kh4 55. Rf8 Kg4 56. Rf7 h4 57. Rg7+ Kf3
58. Rh7 Kxf2 59. Rxh4 f3 60. Kf6 Kg1 61. Rg4+ Kf1 62. Rg8 f2 63. Rg7 Ke2 64.
Re7+ Kf3 0-1

[Event "XXIII Festival A"]
[Site "Porto San Giorgio ITA"]
[Date "2011.08.21"]
[Round "1"]
[White "Marinone, Lucio"]
[Black "Maddaloni, Giovanni"]
[Result "1-0"]
[WhiteElo "2002"]
[BlackElo "1801"]
[PlyCount "51"]
[EventDate "2011.08.21"]

1. d4 Nf6 2. c4 e5 3. dxe5 Ng4 4. Nf3 Bc5 5. e3 Nc6 6. Be2 Ngxe5 7. O-O O-O 8.
Nc3 Re8 9. b3 d6 10. Na4 Bg4 11. Nxe5 Bxe2 12. Nxc6 Bxd1 13. Nxd8 Be2 14. Re1
Raxd8 15. Rxe2 Bd4 16. Bb2 Bxb2 17. Nxb2 d5 18. cxd5 Rxd5 19. Rd1 c6 20. Rxd5
cxd5 21. Kf1 Rc8 22. Rd2 g6 23. Nd3 a5 24. Nf4 Rc1+ 25. Ke2 Kg7 26. Nxd5 1-0

[Event "XXIII Festival A"]
[Site "Porto San Giorgio ITA"]
[Date "2011.08.21"]
[Round "1"]
[White "Marozzi, Giovanni"]
[Black "Foglia, Maurizio"]
[Result "0-1"]
[WhiteElo "1915"]
[BlackElo "2213"]
[PlyCount "52"]
[EventDate "2011.08.21"]

1. d4 d5 2. c4 c6 3. Nf3 Nf6 4. Nc3 e6 5. cxd5 exd5 6. e3 Bf5 7. Be2 h6 8. O-O
Bd6 9. Qb3 Qb6 10. Qxb6 axb6 11. Rd1 Nbd7 12. Bd2 b5 13. a3 O-O 14. Na2 Rfe8
15. Nb4 Nb6 16. Rdc1 Nc4 17. Bxc4 bxc4 18. Bc3 Ne4 19. Nd2 Nxc3 20. bxc3 Ra4
21. e4 Bxe4 22. Nxe4 Rxe4 23. Kf1 Re8 24. Rcb1 Rea8 25. Nc2 b5 26. Nb4 Bxb4 0-1

[Event "XXIII Festival A"]
[Site "Porto San Giorgio ITA"]
[Date "2011.08.21"]
[Round "1"]
[White "Martorelli, Angelo"]
[Black "Bianchi, Alberto"]
[Result "0-1"]
[WhiteElo "1812"]
[BlackElo "2013"]
[PlyCount "100"]
[EventDate "2011.08.21"]

1. Nf3 d5 2. d3 Nf6 3. Bg5 Bf5 4. Nbd2 h6 5. Bxf6 exf6 6. c3 Bd6 7. Qb3 Be6 8.
Qxb7 Nd7 9. b4 O-O 10. g3 a5 11. bxa5 Rxa5 12. Bg2 Qa8 13. Qxa8 Rfxa8 14. O-O
Rxa2 15. Rxa2 Rxa2 16. e4 c6 17. exd5 cxd5 18. Rb1 Ne5 19. d4 Nd7 20. Nf1 Rc2
21. Rb3 f5 22. N3d2 Rc1 23. Rb5 Nf6 24. Rb6 Bc7 25. Rb3 Ba5 26. Nb1 Ne4 27.
Bxe4 dxe4 28. Ra3 Bc4 29. Nbd2 Bxf1 30. Nxf1 Bxc3 31. d5 Be5 32. Kg2 g6 33. Ne3
Rc7 34. Ra8+ Kg7 35. Rd8 Bf6 36. Ra8 Rc3 37. Ra6 Bd4 38. Rc6 Rd3 39. d6 Bxe3
40. fxe3 Rxe3 41. d7 Rd3 42. Rc7 Kf6 43. Kf2 Ke6 44. Rc3 Rxd7 45. h4 Rd2+ 46.
Ke1 Rd3 47. Rxd3 exd3 48. Kd2 Ke5 49. Kxd3 f4 50. g4 g5 0-1

[Event "XXIII Festival A"]
[Site "Porto San Giorgio ITA"]
[Date "2011.08.21"]
[Round "1"]
[White "Mastroddi, Giuseppe"]
[Black "Benaglia, Giovanni"]
[Result "1/2-1/2"]
[WhiteElo "1732"]
[BlackElo "1978"]
[PlyCount "53"]
[EventDate "2011.08.21"]

1. d4 e6 2. Nf3 f5 3. e3 Nf6 4. Bd3 b6 5. Nbd2 Bb7 6. O-O Bd6 7. b3 O-O 8. Bb2
Ne4 9. Ne5 Rf6 10. f4 Rh6 11. Ndf3 Nc6 12. Qe1 Nb4 13. Qe2 Be7 14. a3 Nxd3 15.
cxd3 Ba6 16. Qc2 Nd6 17. Rac1 Rc8 18. Rfe1 c5 19. Qf2 Nf7 20. Nxf7 Kxf7 21.
Ne5+ Kg8 22. dxc5 bxc5 23. Nc4 Bh4 24. g3 Bf6 25. e4 Bxc4 26. Rxc4 Bxb2 27.
Qxb2 1/2-1/2

[Event "XXIII Festival A"]
[Site "Porto San Giorgio ITA"]
[Date "2011.08.21"]
[Round "1"]
[White "Mazzarella, Antonio"]
[Black "De Nisi, Giuseppe"]
[Result "1-0"]
[WhiteElo "2028"]
[BlackElo "1818"]
[PlyCount "127"]
[EventDate "2011.08.21"]

1. e4 e6 2. b3 d5 3. Bb2 dxe4 4. Nc3 Nf6 5. Qe2 Bb4 6. O-O-O Bxc3 7. Bxc3 Nc6
8. f3 exf3 9. Nxf3 Qe7 10. Bb2 a5 11. g3 a4 12. Bg2 axb3 13. axb3 O-O 14. Ne5
Nb4 15. Nd3 Nxd3+ 16. Qxd3 Rd8 17. Qc3 e5 18. Qxe5 Qxe5 19. Bxe5 Ng4 20. Bxc7
Rd7 21. Bb6 Rd6 22. Bc5 Rda6 23. h3 Ra5 24. Bd4 Ne5 25. Rde1 f6 26. Bc3 Ra2 27.
Bd5+ Kf8 28. Bb4+ Ke8 29. d4 Ra1+ 30. Kd2 Rxe1 31. Rxe1 Bxh3 32. dxe5 fxe5 33.
Rxe5+ Kd8 34. Bxb7 Rb8 35. Ba5+ Kd7 36. Be4 g6 37. Bc3 Rf8 38. Ra5 Bg4 39. Ra7+
Ke6 40. Rxh7 Rf2+ 41. Ke3 Re2+ 42. Kd3 g5 43. Rh6+ Ke7 44. Bf6+ Kf8 45. Bxg5
Re1 46. Bf4 Rd1+ 47. Kc3 Re1 48. Bd3 Bf3 49. Rh7 Rd1 50. Ra7 Ke8 51. b4 Kd8 52.
b5 Rb1 53. b6 Kc8 54. Ba6+ Kd8 55. b7 Bxb7 56. Rxb7 Ra1 57. Bc4 Kc8 58. Rg7 Kd8
59. Bb3 Ke8 60. Kd4 Rd1+ 61. Ke5 Re1+ 62. Kf6 Rf1 63. Bc4 Rb1 64. Be6 1-0

[Event "XXIII Festival A"]
[Site "Porto San Giorgio ITA"]
[Date "2011.08.21"]
[Round "1"]
[White "Miandro, Steven"]
[Black "Rago, Riccardo"]
[Result "1/2-1/2"]
[WhiteElo "1834"]
[BlackElo "2065"]
[PlyCount "87"]
[EventDate "2011.08.21"]

1. d4 d5 2. c4 c6 3. Nf3 e6 4. Nc3 Nf6 5. Bg5 Be7 6. e3 Nbd7 7. Bd3 dxc4 8.
Bxc4 b5 9. Bd3 Bb7 10. O-O a6 11. Rc1 Rc8 12. Ne4 Nxe4 13. Bxe7 Qxe7 14. Bxe4
Nf6 15. Bd3 c5 16. dxc5 Rxc5 17. Rxc5 Qxc5 18. Be2 O-O 19. Qc1 Rc8 20. Qxc5
Rxc5 21. Rd1 g6 22. h3 Rc2 23. Rd2 Rc7 24. Nd4 Bd5 25. a3 e5 26. Rc2 Ne8 27.
Rxc7 Nxc7 28. Nc2 f6 29. Nb4 Bb7 30. Kf1 Kf7 31. g3 Ke6 32. Ke1 Kd6 33. Kd2 a5
34. Nc2 Be4 35. Bd3 Bc6 36. h4 Ne6 37. Kc3 Nc5 38. b4 Na4+ 39. Kd2 axb4 40.
axb4 Nb6 41. Na3 Nd5 42. Bxb5 Nxb4 43. Bxc6 Nxc6 44. Kd3 1/2-1/2

[Event "XXIII Festival A"]
[Site "Porto San Giorgio ITA"]
[Date "2011.08.21"]
[Round "1"]
[White "Mircoli, Filippo"]
[Black "Marigo, Narciso"]
[Result "0-1"]
[WhiteElo "1759"]
[BlackElo "1989"]
[PlyCount "37"]
[EventDate "2011.08.21"]

1. e4 d6 2. d4 Nc6 3. Nf3 Bd7 4. Bd3 e5 5. c3 Nf6 6. O-O Be7 7. Be3 O-O 8. Nbd2
Ng4 9. Qe2 Nxe3 10. Qxe3 Bf6 11. Rac1 a6 12. a4 Ne7 13. dxe5 dxe5 14. Nc4 Ng6
15. g3 Qe7 16. Bc2 Bg4 17. Kg2 Qe6 18. Rfe1 Qxc4 19. Ng5 0-1

[Event "XXIII Festival A"]
[Site "Porto San Giorgio ITA"]
[Date "2011.08.21"]
[Round "1"]
[White "Mogranzini, Roberto"]
[Black "Viviani, Alessio"]
[Result "1-0"]
[WhiteElo "2433"]
[BlackElo "1958"]
[PlyCount "105"]
[EventDate "2011.08.21"]

1. c4 e5 2. g3 f5 3. Nc3 Nf6 4. Nf3 d6 5. d4 e4 6. Nh4 Be7 7. Bh3 g6 8. Bg5 Be6
9. f3 exf3 10. exf3 O-O 11. Qe2 Qc8 12. Ng2 Bd8 13. Nf4 Bf7 14. O-O-O c6 15.
Kb1 Nbd7 16. g4 fxg4 17. fxg4 b5 18. cxb5 cxb5 19. Bxf6 Bxf6 20. Ncd5 Re8 21.
Qxb5 Bg5 22. Bg2 Rb8 23. Qd3 Bxf4 24. Nxf4 g5 25. Bd5 Bxd5 26. Nxd5 Qb7 27. Qb3
Qxb3 28. axb3 Rxb3 29. Rd2 Rf3 30. Nc7 Re4 31. Nb5 Rxg4 32. Nxd6 Rgf4 33. Ka2
Rf6 34. Ne4 Ra6+ 35. Kb1 h6 36. Rc1 Re6 37. Nc3 Rf5 38. d5 Rd6 39. Rcd1 Nf6 40.
Kc2 Kg7 41. b4 Re5 42. Rd4 a6 43. Kb3 Kf7 44. R1d2 Ke7 45. Kc4 Kf7 46. Ra2 h5
47. Rf2 Ke7 48. Rd3 Ng4 49. Rfd2 Nf6 50. Re2 Ng4 51. Red2 Rd8 52. Kd4 Rc8 53.
h3 1-0

[Event "XXIII Festival A"]
[Site "Porto San Giorgio ITA"]
[Date "2011.08.21"]
[Round "1"]
[White "Morello, Guido"]
[Black "Vuelban, Virgilio"]
[Result "0-1"]
[WhiteElo "1942"]
[BlackElo "2357"]
[PlyCount "60"]
[EventDate "2011.08.21"]

1. e4 c5 2. a3 e6 3. b4 b6 4. g3 Bb7 5. Bg2 Nf6 6. d3 cxb4 7. axb4 Bxb4+ 8. c3
Be7 9. Ne2 d6 10. O-O e5 11. f4 Nbd7 12. h3 O-O 13. g4 d5 14. fxe5 Nxe5 15. d4
Ng6 16. e5 Ne4 17. Qd3 a6 18. Bxe4 dxe4 19. Qe3 Nh4 20. Nd2 Bg5 21. Nf4 Ng6 22.
Ba3 Nxf4 23. Rxf4 Bxf4 24. Qxf4 e3 25. Ne4 Qd5 26. Bxf8 Rxf8 27. Qxe3 Qxe4 28.
Qxe4 Bxe4 29. c4 Rc8 30. Rc1 Bd3 0-1

[Event "XXIII Festival A"]
[Site "Porto San Giorgio ITA"]
[Date "2011.08.21"]
[Round "1"]
[White "Moroni, Luca jr"]
[Black "Naumkin, Igor"]
[Result "0-1"]
[WhiteElo "1964"]
[BlackElo "2486"]
[PlyCount "122"]
[EventDate "2011.08.21"]

1. e4 e6 2. d4 d5 3. e5 c5 4. c3 Nc6 5. Nf3 Qb6 6. a3 Nh6 7. b4 cxd4 8. cxd4
Nf5 9. Bb2 Be7 10. Bd3 Bd7 11. Bxf5 exf5 12. Nc3 Be6 13. Qd3 Rc8 14. Rc1 O-O
15. O-O Qd8 16. Na4 b6 17. Nd2 Qd7 18. Nc3 f6 19. exf6 Bxf6 20. Ne2 g5 21. f4
g4 22. Ng3 Qf7 23. Rfe1 Bd7 24. Kh1 Bg7 25. Nb3 h5 26. b5 Nd8 27. Rxc8 Bxc8 28.
a4 h4 29. Ne2 Re8 30. Qd2 Qe7 31. Bc3 Qa3 32. Nec1 Ne6 33. Qa2 Qxa2 34. Nxa2
Bd7 35. g3 Rc8 36. Rc1 a6 37. bxa6 Bxa4 38. Bb2 Ra8 39. Nd2 Rxa6 40. Nb4 Ra5
41. Rc8+ Kf7 42. Rb8 Rb5 43. Rb7+ Kg6 44. Bc3 h3 45. Nc6 Bc2 46. Na7 Be4+ 47.
Kg1 Ra5 48. Bxa5 Bxd4+ 49. Kf1 Bg2+ 50. Ke1 bxa5 51. Nc6 Bc3 52. Rb5 Nxf4 53.
Nxa5 Nh5 54. Rb6+ Kg5 55. Nc6 Nxg3 56. Ne7 Nf1 57. Rg6+ Kh5 58. Rg8 Bxd2+ 59.
Ke2 g3 60. hxg3 h2 61. Nxf5 Bg5 0-1

[Event "XXIII Festival A"]
[Site "Porto San Giorgio ITA"]
[Date "2011.08.21"]
[Round "1"]
[White "Movileanu, Daniela"]
[Black "Malloni, Marcello"]
[Result "1-0"]
[WhiteElo "1931"]
[BlackElo "2293"]
[PlyCount "63"]
[EventDate "2011.08.21"]

1. e4 e5 2. Nf3 Nc6 3. Bb5 Nf6 4. O-O Nxe4 5. d4 Nd6 6. Bxc6 dxc6 7. dxe5 Nf5
8. Qxd8+ Kxd8 9. Bf4 h6 10. g4 Ne7 11. h3 Ng6 12. Bg3 Bd7 13. Nc3 Kc8 14. Rad1
b6 15. Nd4 h5 16. f4 Bc5 17. f5 Ne7 18. Ne4 Bxd4+ 19. Rxd4 c5 20. Rd2 hxg4 21.
hxg4 Bc6 22. Ng5 f6 23. Ne6 Nd5 24. Re1 Kb7 25. c4 Nb4 26. a3 Na6 27. Nxg7 fxe5
28. Rxe5 Rh1+ 29. Kf2 Rc1 30. b3 Rh8 31. Ne6 Rhh1 32. Nd8+ 1-0

[Event "XXIII Festival A"]
[Site "Porto San Giorgio ITA"]
[Date "2011.08.21"]
[Round "1"]
[White "Ottaviani, Gianluca"]
[Black "Palit, Somak"]
[Result "0-1"]
[WhiteElo "1949"]
[BlackElo "2372"]
[PlyCount "56"]
[EventDate "2011.08.21"]

1. e4 c5 2. Nf3 Nf6 3. e5 Nd5 4. b3 g6 5. Bb2 Bg7 6. c4 Nc7 7. d4 cxd4 8. Qxd4
Nc6 9. Qd2 Ne6 10. Na3 a6 11. O-O-O Qc7 12. Qe3 b5 13. Kb1 b4 14. Nc2 a5 15.
Ncd4 Nexd4 16. Rxd4 Nxd4 17. Bxd4 O-O 18. Bb6 Qb8 19. Bd3 Bb7 20. Bd4 d6 21. e6
Bxf3 22. Bxg7 Kxg7 23. Qd4+ f6 24. gxf3 Qa7 25. Qg4 f5 26. Qf4 a4 27. Bc2 axb3
28. Bxb3 Qxf2 0-1

[Event "XXIII Festival A"]
[Site "Porto San Giorgio ITA"]
[Date "2011.08.21"]
[Round "1"]
[White "Paduano, Gennaro"]
[Black "Vincenzi, Marco"]
[Result "0-1"]
[WhiteElo "1859"]
[BlackElo "2108"]
[PlyCount "88"]
[EventDate "2011.08.21"]

1. e4 e5 2. Nf3 Nc6 3. Bb5 a6 4. Ba4 Nf6 5. O-O Be7 6. Re1 b5 7. Bb3 O-O 8. c3
d5 9. exd5 Nxd5 10. d3 Bg4 11. h3 Bh5 12. g4 Bg6 13. Nxe5 Nxe5 14. Rxe5 c6 15.
a4 Bd6 16. Bg5 Qc7 17. Re1 b4 18. Bxd5 cxd5 19. Qf3 Qa5 20. Bf4 bxc3 21. bxc3
Bxf4 22. Qxf4 Bxd3 23. Qd4 Bg6 24. Re5 Rfd8 25. Nd2 f6 26. Re7 Rac8 27. Rc1 Qc5
28. Qxc5 Rxc5 29. Ra7 d4 30. Nb3 Rxc3 31. Rxc3 dxc3 32. Rc7 c2 33. f4 h6 34. f5
Bf7 35. Nd4 Rxd4 36. Rxc2 Rxa4 37. Rc1 Kh7 38. Kh2 Ra3 39. Rc7 Bd5 40. Rc5 Be4
41. Rc7 a5 42. Re7 Bd3 43. Re3 a4 44. Kg3 Rb3 0-1

[Event "XXIII Festival A"]
[Site "Porto San Giorgio ITA"]
[Date "2011.08.21"]
[Round "1"]
[White "Paganini, Andrea"]
[Black "Liguori, Renato"]
[Result "0-1"]
[WhiteElo "1852"]
[BlackElo "2100"]
[PlyCount "58"]
[EventDate "2011.08.21"]

1. e4 e6 2. d4 d5 3. e5 c5 4. Qg4 Qb6 5. Bd3 Nc6 6. Nf3 Nb4 7. O-O c4 8. a3
cxd3 9. axb4 dxc2 10. Na3 Qxb4 11. Nxc2 Qb6 12. Bd2 h5 13. Qg3 Nh6 14. Nh4 Bd7
15. Rfc1 Rc8 16. b4 a6 17. h3 Ng8 18. Ng6 Rh7 19. Nxf8 Kxf8 20. Qe3 Rh8 21. Qg3
Ne7 22. b5 Nf5 23. Qa3+ Kg8 24. bxa6 bxa6 25. Bb4 Qa7 26. Rab1 Bb5 27. Ne3
Rxc1+ 28. Rxc1 Nxd4 29. Rc8+ Kh7 0-1